| 000 | 00368nam a22001577a 4500 | ||
|---|---|---|---|
| 003 | SGT | ||
| 020 | _a9788131257074 | ||
| 082 |
_a610.73 _bM21C |
||
| 100 | _aCLEMENT, I. | ||
| 245 | _aMANAGEMENT OF NURSING SERVICES AND EDUCATION | ||
| 250 | _a3RD | ||
| 260 |
_aINDIA _bELSEVIER PUB _c2021 |
||
| 300 | _a720 | ||
| 650 | _aNURSING MANAGEMENT | ||
| 942 |
_2ddc _cBK _0217 |
||
| 999 |
_c21963 _d21963 |
||